Statystyki dla 15 krajów o największej liczbie zgonów Covid19 - 1 czerwca

Kliknij tutaj aby rozwiązać quiz!

Ogólne statystyki

  • Ten quiz został rozwiązany 76 razy
  • Średni wynik to 13 z 20

Statystyki odpowiedzi

kraj% Poprawnych
Stany Zjednoczone
96%
Hiszpania
90%
Włochy
90%
Francja
86%
Niemcy
86%
Rosja
80%
Wielka Brytania
80%
Brazylia
79%
Kanada
76%
Indie
67%
Meksyk
67%
Portugalia
60%
Iran
56%
Belgia
54%
Holandia
53%
Szwecja
50%
Szwajcaria
39%
Irlandia
34%
Peru
30%
Ekwador
13%

Rozkład punktacji

Percentyl według liczby udzielonych odpowiedzi

Procent ludzi z każdym wynikiem

Twoja historia wyników

Nie rozwiązałeś tego quizu